[Event "VIE-ch (Women)"]
[Site "Hanoi"]
[Date "2024.03.15"]
[Round "8"]
[White "Vo, Thi Thuy Tien"]
[Black "Tong, Thai Ky An"]
[Result "1/2-1/2"]
[WhiteElo "1763"]
[BlackElo "1686"]
[PlyCount "80"]
[EventDate "2024.03.11"]
[EventType "swiss"]
[EventRounds "9"]
[EventCountry "VIE"]
[SourceTitle "CB13_2024"]
[SourceDate "2024.03.27"]
[SourceVersion "1"]
[SourceVersionDate "2024.03.27"]
[SourceQuality "1"]

1. d4 d5 2. c4 c6 3. Nf3 Nf6 4. Bf4 Bf5 5. e3 e6 6. Bd3 Bg4 7. h3 Bh5 8. 0-0 Bd6 9. Bxd6 Qxd6 10. Nbd2 0-0 11. Qc2 Bg6 12. Rad1 Nbd7 13. e4 dxe4 14. Nxe4 Nxe4 15. Bxe4 Bxe4 16. Qxe4 Nf6 17. Qh4 Qb4 18. b3 Qa5 19. a4 Qf5 20. Rd2 Rad8 21. Re2 Qh5 22. Qf4 Qf5 23. Qxf5 exf5 24. Re7 Rb8 25. Nh4 g6 26. Rd1 Rfe8 27. Rde1 Kf8 28. Rxe8+ Rxe8 29. Rxe8+ Kxe8 30. f3 Ke7 31. Kf2 Ke6 32. g3 Nd7 33. Ke3 Nf6 34. Ng2 Nh5 35. Nf4+ Nxf4 36. Kxf4 f6 37. g4 fxg4 38. fxg4 a5 39. Ke4 b6 40. h4 Kd6 1/2-1/2

[Event "VIE-ch (Women)"]
[Site "Hanoi"]
[Date "2024.03.13"]
[Round "4"]
[White "Vo, Thi Thuy Tien"]
[Black "Truong, Thanh Van"]
[Result "1-0"]
[WhiteElo "1763"]
[BlackElo "1648"]
[PlyCount "78"]
[EventDate "2024.03.11"]
[EventType "swiss"]
[EventRounds "9"]
[EventCountry "VIE"]
[SourceTitle "CB13_2024"]
[SourceDate "2024.03.27"]
[SourceVersion "1"]
[SourceVersionDate "2024.03.27"]
[SourceQuality "1"]

1. d4 d5 2. c4 e6 3. Nf3 c6 4. Qc2 dxc4 5. Qxc4 b5 6. Qc2 Bb7 7. g3 Nd7 8. Bg2 c5 9. 0-0 Ngf6 10. Nc3 a6 11. Rd1 Rc8 12. Qd3 c4 13. Qd2 b4 14. Na4 Qa5 15. b3 c3 16. Qg5 Qd8 17. a3 h6 18. Qe3 Be4 19. Ne1 Bxg2 20. Kxg2 a5 21. axb4 axb4 22. Qd3 Qa5 23. e4 Qa8 24. f3 Qb7 25. Be3 Be7 26. Nc2 0-0 27. h4 Rfd8 28. Qe2 h5 29. Bg5 Re8 30. Ne3 Bf8 31. Nc4 Qb5 32. Qd3 Nh7 33. Bf4 Red8 34. Ra2 f6 35. Re2 e5 36. Nxe5 Qxd3 37. Nxd3 g5 38. hxg5 Nxg5 39. Be3 Kh8 1-0

[Event "VIE-ch (Women)"]
[Site "Hanoi"]
[Date "2024.03.12"]
[Round "3"]
[White "Nguyen, Ngoc Thao Nguyen"]
[Black "Vo, Thi Thuy Tien"]
[Result "0-1"]
[WhiteElo "1498"]
[BlackElo "1763"]
[PlyCount "116"]
[EventDate "2024.03.11"]
[EventType "swiss"]
[EventRounds "9"]
[EventCountry "VIE"]
[SourceTitle "CB13_2024"]
[SourceDate "2024.03.27"]
[SourceVersion "1"]
[SourceVersionDate "2024.03.27"]
[SourceQuality "1"]

1. e4 c5 2. Nf3 a6 3. d4 cxd4 4. Nxd4 Nf6 5. Nc3 e5 6. Nb3 Bb4 7. Bd3 d5 8. exd5 Nxd5 9. Bd2 Bxc3 10. bxc3 Nc6 11. 0-0 0-0 12. Re1 Qc7 13. Qf3 Nb6 14. Rad1 f5 15. Qg3 Qf7 16. f3 Be6 17. Rb1 Nd7 18. Kh1 Kh8 19. Rbd1 Rac8 20. Bc1 Rfd8 21. Bb2 b5 22. Re2 Ne7 23. Red2 Ng6 24. Bf1 Qe7 25. Rd6 Nb8 26. Rxd8+ Rxd8 27. Qe1 Kg8 28. Rd2 Rxd2 29. Qxd2 Qd7 30. Qxd7 Nxd7 31. Bd3 Nf4 32. Bf1 Bd5 33. Bc1 Ne6 34. Bd3 g6 35. Kg1 Kf7 36. Kf2 Nec5 37. Ke3 Ke6 38. Ba3 Na4 39. Kd2 Ndb6 40. Bb4 h5 41. Ba5 Nd7 42. a3 Nb2 43. Nc1 e4 44. Be2 exf3 45. gxf3 Ne5 46. Nb3 Nbc4+ 47. Bxc4 Nxc4+ 48. Ke2 Nxa3 49. Nc5+ Kd6 50. Nxa6 Nxc2 51. Kd2 Na1 52. Bb4+ Ke5 53. Ke3 Nc2+ 54. Kf2 Nxb4 55. Nxb4 Bc4 56. Kg3 g5 57. h3 h4+ 58. Kf2 Kf4 0-1

[Event "VIE-ch (Women)"]
[Site "Ha Tien"]
[Date "2023.09.13"]
[Round "1"]
[White "Vo, Thi Thuy Tien"]
[Black "Hoang, Thi Bao Tram"]
[Result "1/2-1/2"]
[WhiteElo "1754"]
[BlackElo "2266"]
[PlyCount "100"]
[EventDate "2023.09.13"]
[EventType "swiss"]
[EventRounds "9"]
[EventCountry "VIE"]
[SourceTitle "EXT 2024"]
[Source "ChessBase"]
[SourceDate "2023.10.10"]
[SourceVersion "1"]
[SourceVersionDate "2023.10.10"]
[SourceQuality "1"]

1. d4 d5 2. Nf3 Nf6 3. c4 g6 4. Nc3 Bg7 5. cxd5 Nxd5 6. e4 Nxc3 7. bxc3 c5 8. Bc4 0-0 9. 0-0 Qc7 10. Qe2 Bg4 11. Be3 Nc6 12. Rfd1 Bxf3 13. gxf3 Rfd8 14. Rac1 b6 15. f4 Na5 16. Bd3 e6 17. dxc5 bxc5 18. e5 Rab8 19. Be4 Bf8 20. Rb1 Rb6 21. Kg2 Rdb8 22. Rxb6 Rxb6 23. h4 Qc8 24. h5 Qe8 25. hxg6 hxg6 26. Rh1 Qa4 27. Kf3 Rb8 28. Qf1 Qc4 29. Qxc4 Nxc4 30. Rb1 Rd8 31. Ke2 Nxe3 32. fxe3 Rd7 33. Rb7 Rxb7 34. Bxb7 Bh6 35. Kf3 Kf8 36. Bc6 Ke7 37. Ke4 g5 38. fxg5 Bxg5 39. Bb5 Bh4 40. c4 Be1 41. Ba4 Bc3 42. Bb5 Kd8 43. Ba4 Kc7 44. Be8 f6 45. exf6 Bxf6 46. Kd3 Bb2 47. Kc2 Ba1 48. Kd3 Kb6 49. Kc2 Ka5 50. Kb3 Bg7 1/2-1/2

[Event "Asia zt 3.3 (Women)"]
[Site "Jakarta"]
[Date "2023.05.11"]
[Round "8"]
[White "Vo, Thi Thuy Tien"]
[Black "Walukow, Theodora Paulina"]
[Result "0-1"]
[WhiteElo "1787"]
[BlackElo "1814"]
[PlyCount "130"]
[EventDate "2023.05.06"]
[EventType "swiss"]
[EventRounds "9"]
[EventCountry "INA"]
[SourceTitle "CBM 214 Extra"]
[Source "ChessBase"]
[SourceDate "2023.07.31"]
[SourceVersion "1"]
[SourceVersionDate "2023.07.31"]
[SourceQuality "1"]

1. d4 d5 2. c4 e6 3. Nf3 Nf6 4. g3 Nc6 5. Qc2 Nb4 6. Qb3 c5 7. cxd5 exd5 8. Bg2 c4 9. Qd1 Bf5 10. Na3 Be7 11. 0-0 Qb6 12. Bd2 Nc6 13. Bc3 Bxa3 14. bxa3 Ne4 15. Qc2 0-0 16. e3 a5 17. Nd2 Nxc3 18. Qxc3 Rfd8 19. Rfe1 Bg6 20. Rad1 Rac8 21. Nb1 Na7 22. Qa1 Qc6 23. Nc3 Nb5 24. Qc1 Nxc3 25. Qxc3 Qa4 26. Rd2 b5 27. Rb2 Rb8 28. e4 b4 29. axb4 axb4 30. Qc1 c3 31. Rbe2 dxe4 32. Bxe4 Rxd4 33. Qf4 Rf8 34. Bc2 Rxf4 35. Bxa4 Rd4 36. Bb3 h6 37. Re7 Rc8 38. Re8+ Rxe8 39. Rxe8+ Kh7 40. Rc8 Rd2 41. Rc4 c2 42. Bxc2 Rxc2 43. Rxb4 Rxa2 44. h4 Re2 45. Kf1 Re4 46. Rb2 f5 47. Kg2 Be8 48. Rb6 Rc4 49. Kf3 Bh5+ 50. Kg2 f4 51. Rb2 f3+ 52. Kh3 Bg4+ 53. Kh2 Rc1 54. Rb4 h5 55. Rb7 Bh3 56. Rb5 Kh6 57. Rb6+ g6 58. Rf6 Bg2 59. g4 Rh1+ 60. Kg3 Rh3+ 61. Kf4 Rxh4 62. Kg3 Rxg4+ 63. Kh2 Kg5 64. Rf8 Rh4+ 65. Kg3 Rh3# 0-1

[Event "Asia zt 3.3 (Women)"]
[Site "Jakarta"]
[Date "2023.05.10"]
[Round "6"]
[White "Nguyen, Thanh Thuy Tien"]
[Black "Vo, Thi Thuy Tien"]
[Result "1-0"]
[WhiteElo "1902"]
[BlackElo "1787"]
[PlyCount "117"]
[EventDate "2023.05.06"]
[EventType "swiss"]
[EventRounds "9"]
[EventCountry "INA"]
[SourceTitle "CBM 214 Extra"]
[Source "ChessBase"]
[SourceDate "2023.07.31"]
[SourceVersion "1"]
[SourceVersionDate "2023.07.31"]
[SourceQuality "1"]

1. d4 Nf6 2. Nc3 d6 3. e4 a6 4. a4 g6 5. f3 Bg7 6. Be3 Nbd7 7. Qd2 c5 8. a5 0-0 9. Nge2 Qc7 10. g4 cxd4 11. Nxd4 Ne5 12. g5 Nfd7 13. Nd5 Qd8 14. h4 Nc6 15. Nb3 Bxb2 16. Ra2 Bg7 17. h5 Re8 18. hxg6 hxg6 19. f4 Nf8 20. Bb6 Qd7 21. Bh3 Qxh3 22. Rxh3 Bxh3 23. Nc7 Rac8 24. Nxe8 Rxe8 25. Nd4 Rc8 26. c3 Nd7 27. Qd3 Bg4 28. Rg2 Bh5 29. Qh3 Nxd4 30. Bxd4 Bxd4 31. cxd4 Rc7 32. Qb3 Nf8 33. f5 Rc1+ 34. Kf2 e6 35. Rg1 Rc7 36. Rh1 exf5 37. exf5 Nh7 38. Qe3 Rc2+ 39. Kf1 Rc8 40. Rh2 Nf8 41. Rb2 gxf5 42. Rxb7 Ne6 43. Re7 f4 44. Qe1 Ng7 45. Qe4 Bg6 46. Qxf4 Nf5 47. Rd7 Rc3 48. Rd8+ Kg7 49. Rxd6 Nxd6 50. Qxd6 Bd3+ 51. Kf2 Bb5 52. d5 Rd3 53. Qf6+ Kg8 54. d6 Rd1 55. Ke3 Rd3+ 56. Ke4 Rd1 57. Ke5 Rd3 58. Qf5 Kf8 59. Qxd3 1-0

[Event "VIE-ch (Women)"]
[Site "Vung Tau"]
[Date "2023.03.05"]
[Round "5"]
[White "Nguyen, Tran Ngoc Thuy"]
[Black "Vo, Thi Thuy Tien"]
[Result "1-0"]
[WhiteElo "1851"]
[BlackElo "1745"]
[PlyCount "85"]
[EventDate "2023.03.03"]
[EventType "swiss"]
[EventRounds "9"]
[EventCountry "VIE"]
[SourceTitle "EXT 2024"]
[Source "ChessBase"]
[SourceDate "2023.10.10"]
[SourceVersion "1"]
[SourceVersionDate "2023.10.10"]
[SourceQuality "1"]

1. e4 c5 2. Nf3 a6 3. d4 cxd4 4. Nxd4 Nf6 5. Nc3 e5 6. Nb3 Bb4 7. Bd3 0-0 8. 0-0 Bxc3 9. bxc3 h6 10. Qe1 Nc6 11. f4 d6 12. a4 Re8 13. c4 exf4 14. Bxf4 Ne5 15. Rd1 Qe7 16. Nd4 Bd7 17. a5 Rac8 18. Rb1 Rc7 19. Rb6 Bc8 20. Qb4 Rd8 21. Bg3 Nh5 22. Be1 g6 23. Nf3 Nxf3+ 24. Rxf3 Bg4 25. Rf1 Be6 26. Be2 Ng7 27. Bg3 Rcd7 28. Qd2 Kh7 29. Bf4 g5 30. Be3 Rf8 31. h4 f6 32. Bd3 Kg8 33. Bd4 Qd8 34. Qc3 Rdf7 35. c5 d5 36. exd5 Qxd5 37. Rd6 Qxd6 38. cxd6 Ne8 39. Bg6 Nxd6 40. Bxf7+ Rxf7 41. Bxf6 Ne4 42. Qe5 Nxf6 43. Rxf6 1-0

[Event "VIE-ch (Women)"]
[Site "Vung Tau"]
[Date "2023.03.04"]
[Round "3"]
[White "Nguyen, Hong Ngoc"]
[Black "Vo, Thi Thuy Tien"]
[Result "1/2-1/2"]
[WhiteElo "1905"]
[BlackElo "1745"]
[PlyCount "29"]
[EventDate "2023.03.03"]
[EventType "swiss"]
[EventRounds "9"]
[EventCountry "VIE"]
[SourceTitle "EXT 2024"]
[Source "ChessBase"]
[SourceDate "2023.10.10"]
[SourceVersion "1"]
[SourceVersionDate "2023.10.10"]
[SourceQuality "1"]

1. e4 c5 2. c3 d5 3. exd5 Qxd5 4. Qf3 Nf6 5. Bb5+ Bd7 6. a4 e6 7. Na3 a6 8. Bxd7+ Nbxd7 9. c4 Qe4+ 10. Qxe4 Nxe4 11. Nf3 Nd6 12. b3 Be7 13. Bb2 Bf6 14. Bxf6 Nxf6 15. Ng1 1/2-1/2

[Event "VIE-ch (Women)"]
[Site "Vung Tau"]
[Date "2023.03.03"]
[Round "1"]
[White "Bach, Ngoc Thuy Duong"]
[Black "Vo, Thi Thuy Tien"]
[Result "0-1"]
[WhiteElo "2230"]
[BlackElo "1745"]
[PlyCount "87"]
[EventDate "2023.03.03"]
[EventType "swiss"]
[EventRounds "9"]
[EventCountry "VIE"]
[SourceTitle "EXT 2024"]
[Source "ChessBase"]
[SourceDate "2023.10.10"]
[SourceVersion "1"]
[SourceVersionDate "2023.10.10"]
[SourceQuality "1"]

1. d4 Nf6 2. c4 g6 3. Nc3 Bg7 4. e4 d6 5. Nf3 0-0 6. Be2 e5 7. 0-0 Nc6 8. d5 Ne7 9. b4 Nh5 10. g3 f5 11. Ng5 Nf6 12. f3 h6 13. Ne6 Bxe6 14. dxe6 c6 15. Be3 Kh7 16. Qd3 Qc7 17. Rad1 Rad8 18. Qb1 fxe4 19. fxe4 Qc8 20. Bxa7 Qxe6 21. Rd2 h5 22. Be3 Bh6 23. Bxh6 Kxh6 24. Qd1 Kg7 25. a3 Rd7 26. Rf2 Rfd8 27. Qf1 Neg8 28. a4 Qe7 29. b5 Nh7 30. a5 Ngf6 31. a6 cxb5 32. cxb5 bxa6 33. bxa6 Ng5 34. Bd3 Ng4 35. Nd5 Qe6 36. Kh1 Nxf2+ 37. Rxf2 Rf7 38. Rxf7+ Nxf7 39. a7 Qd7 40. Qf6+ Kf8 41. a8Q Rxa8 42. Kg2 Ra2+ 43. Kh1 Qh3 44. Qe7+ 0-1

[Event "VIE-ch (Women)"]
[Site "Tinh Bac Giang"]
[Date "2022.02.28"]
[Round "6"]
[White "Vu, Thi Dieu Ai"]
[Black "Vo, Thi Thuy Tien"]
[Result "1-0"]
[WhiteElo "1821"]
[BlackElo "1808"]
[PlyCount "103"]
[EventDate "2022.02.28"]
[EventType "swiss"]
[EventRounds "9"]
[EventCountry "VIE"]
[SourceTitle "CBM 207 Extra"]
[Source "ChessBase"]
[SourceDate "2022.05.31"]
[SourceVersion "1"]
[SourceVersionDate "2022.05.31"]
[SourceQuality "1"]

1. d4 g6 2. Bf4 Bg7 3. e3 Nf6 4. Nf3 d6 5. Be2 0-0 6. 0-0 Nfd7 7. Nc3 c5 8. dxc5 Nxc5 9. Qd2 Nc6 10. Rab1 a5 11. h3 Bd7 12. Rfd1 h6 13. a3 a4 14. Bc4 Qa5 15. Nd5 Bf5 16. Qxa5 Rxa5 17. Nd4 Bxd4 18. exd4 Bxc2 19. dxc5 Bxb1 20. Rxb1 Rxc5 21. Ba2 Kg7 22. Nxe7 Ne5 23. Be3 Rc2 24. Bd4 f6 25. Nd5 Rfc8 26. Bc3 g5 27. Nb4 R2xc3 28. bxc3 Rxc3 29. Bd5 Rxa3 30. Bxb7 Rb3 31. Be4 Nc4 32. Rxb3 axb3 33. Nd5 Nd2 34. Bd3 b2 35. Nc3 Kf7 36. Nb1 Nxb1 37. Bxb1 Ke6 38. Kf1 Kd5 39. Ke2 Ke5 40. Kd3 f5 41. g3 h5 42. Ke3 f4+ 43. gxf4+ gxf4+ 44. Kf3 Kd4 45. Kxf4 Kc4 46. Ke3 d5 47. f4 h4 48. f5 d4+ 49. Ke4 Kc3 50. f6 Kd2 51. Kxd4 Kc1 52. Bf5 1-0

[Event "Hanoi (Women) op 12"]
[Site "Hanoi"]
[Date "2022.??.??"]
[Round "6"]
[White "Le, Khac Minh Thu"]
[Black "Vo, Thi Thuy Tien"]
[Result "1-0"]
[WhiteElo "1323"]
[BlackElo "1745"]
[PlyCount "93"]
[EventDate "2022.12.11"]
[EventType "swiss"]
[EventRounds "9"]
[EventCountry "VIE"]
[SourceTitle "CBM 211 Extra"]
[Source "ChessBase"]
[SourceDate "2023.01.31"]
[SourceVersion "1"]
[SourceVersionDate "2023.01.31"]
[SourceQuality "1"]

1. d4 Nf6 2. Nf3 g6 3. e3 Bg7 4. Bd3 0-0 5. b3 d5 6. Bb2 b6 7. Nbd2 Bb7 8. 0-0 Nbd7 9. Qe2 Ne4 10. c4 e6 11. cxd5 exd5 12. Rac1 a5 13. Ba3 Re8 14. Bb5 Nxd2 15. Qxd2 Ba6 16. Qd3 Bxb5 17. Qxb5 Nb8 18. Rxc7 Na6 19. Rd7 Qf6 20. Qxd5 Rad8 21. Rxd8 Rxd8 22. Qc4 Ra8 23. Ne5 h5 24. h3 Nb4 25. Bxb4 axb4 26. Qxb4 Rxa2 27. Nd7 Qc6 28. Qe7 Ra8 29. b4 Rc8 30. Ne5 Bxe5 31. Qxe5 Re8 32. Qg5 Qc4 33. b5 Kg7 34. Ra1 Qc3 35. Ra2 Qc1+ 36. Kh2 Qc7+ 37. g3 Qc4 38. Ra7 Re6 39. Ra8 Qe2 40. Kg2 Qc4 41. Qd8 Kh6 42. h4 g5 43. hxg5+ Kg6 44. Qg8+ Kf5 45. Qxf7+ Ke4 46. Re8 Kd3 47. Qxe6 1-0

[Event "Hanoi (Women) op 12"]
[Site "Hanoi"]
[Date "2022.??.??"]
[Round "4"]
[White "Nguyen, Minh Chi"]
[Black "Vo, Thi Thuy Tien"]
[Result "1-0"]
[WhiteElo "1963"]
[BlackElo "1745"]
[PlyCount "71"]
[EventDate "2022.12.11"]
[EventType "swiss"]
[EventRounds "9"]
[EventCountry "VIE"]
[SourceTitle "CBM 211 Extra"]
[Source "ChessBase"]
[SourceDate "2023.01.31"]
[SourceVersion "1"]
[SourceVersionDate "2023.01.31"]
[SourceQuality "1"]

1. e4 g6 2. d4 Bg7 3. Nf3 d6 4. h3 a6 5. Bd3 Nd7 6. c3 c5 7. 0-0 e6 8. Nbd2 b5 9. Re1 c4 10. Bc2 Ne7 11. Nf1 0-0 12. Ng3 Bb7 13. Be3 Qc7 14. Qd2 Rfe8 15. Bh6 Bh8 16. Ng5 e5 17. d5 Bg7 18. Bxg7 Kxg7 19. f4 h6 20. Nf3 Ng8 21. f5 Qb6+ 22. Kh2 a5 23. Qe2 Ba6 24. Rf1 Ra7 25. Rf2 Nc5 26. Raf1 b4 27. fxg6 fxg6 28. Nh4 Qd8 29. Nxg6 Qg5 30. Nf8 Kh8 31. Rf5 Qd8 32. Qg4 Qc7 33. Qg6 Re7 34. Nh5 Rg7 35. Qh7+ Rxh7 36. Ng6# 1-0

[Event "VIE-ch (Women)"]
[Site "Ho Chi Minh City"]
[Date "2021.03.28"]
[Round "7"]
[White "Vo, Thi Thuy Tien"]
[Black "Vo, Mai Truc"]
[Result "1-0"]
[WhiteElo "1764"]
[BlackElo "1747"]
[PlyCount "115"]
[EventDate "2021.03.24"]
[EventType "swiss"]
[EventRounds "9"]
[EventCountry "VIE"]
[SourceTitle "EXT 2022"]
[Source "ChessBase"]
[SourceDate "2021.10.06"]
[SourceVersion "1"]
[SourceVersionDate "2021.10.06"]
[SourceQuality "1"]

1. c4 c6 2. Nc3 d5 3. d4 Nf6 4. e3 e6 5. Nf3 Be7 6. Bd3 0-0 7. 0-0 Nbd7 8. Qe2 Re8 9. Rd1 Nf8 10. e4 Ng6 11. e5 Nd7 12. cxd5 cxd5 13. g3 a6 14. h4 Ngf8 15. a4 Nb8 16. Be3 Nc6 17. Rac1 Bd7 18. Ng5 Bxg5 19. Bxg5 Qb6 20. Be3 Na5 21. Qg4 Kh8 22. h5 h6 23. Qf3 Kg8 24. Qg4 Kh8 25. Ne2 Bxa4 26. Re1 Bb5 27. Bb1 Bxe2 28. Rxe2 Nc4 29. Rxc4 dxc4 30. Bxh6 gxh6 31. Qf4 Kg8 32. Qxh6 Qxd4 33. Re4 Qd1+ 34. Kg2 Qxb1 35. Rg4+ Ng6 36. hxg6 Qxg6 37. Rxg6+ fxg6 38. Qxg6+ Kh8 39. g4 a5 40. g5 a4 41. Qf6+ Kg8 42. Qg6+ Kh8 43. Qf7 Rg8 44. Qh5+ Kg7 45. Qh6+ Kf7 46. Qf6+ Ke8 47. Qxe6+ Kf8 48. f4 c3 49. bxc3 a3 50. Qf6+ Ke8 51. e6 Rf8 52. Qd4 Rd8 53. Qa4+ Ke7 54. Qxa3+ Kxe6 55. Kf3 Kf5 56. Qc5+ Kg6 57. Kg4 Kg7 58. Qe7+ 1-0

[Event "VIE Cup (Women)"]
[Site "Hanoi"]
[Date "2021.??.??"]
[Round "4"]
[White "Nguyen, Ngoc Hien1111"]
[Black "Vo, Thi Thuy Tien"]
[Result "1/2-1/2"]
[WhiteElo "1377"]
[BlackElo "1808"]
[PlyCount "81"]
[EventDate "2021.05.03"]
[EventType "swiss"]
[EventRounds "9"]
[EventCountry "VIE"]
[SourceTitle "EXT 2022"]
[Source "ChessBase"]
[SourceDate "2021.10.06"]
[SourceVersion "1"]
[SourceVersionDate "2021.10.06"]
[SourceQuality "1"]

1. d4 g6 2. e4 d6 3. Nf3 Bg7 4. Bd3 a6 5. a4 Nd7 6. 0-0 c5 7. c3 Ngf6 8. Nbd2 0-0 9. Re1 Rb8 10. a5 Qc7 11. Nc4 b5 12. axb6 Nxb6 13. dxc5 Nxc4 14. Bxc4 Qxc5 15. Bxa6 Bg4 16. h3 Bd7 17. e5 Nd5 18. b4 Qxc3 19. Ra3 Qc6 20. b5 Qc5 21. exd6 exd6 22. Rd3 Nc3 23. Be3 Qc4 24. Qd2 Bxb5 25. Bxb5 Nxb5 26. Nd4 Rbc8 27. Nxb5 Qxb5 28. Rd1 Be5 29. f4 Bg7 30. Rxd6 Rfe8 31. Rd5 Qb3 32. Rd3 Qa4 33. Rc1 Rxc1+ 34. Qxc1 Qe4 35. Qd2 h5 36. Rd8 Rxd8 37. Qxd8+ Kh7 38. Qd2 Bf6 39. Bf2 Kg7 40. Qe3 Qxe3 41. Bxe3 1/2-1/2

[Event "VIE Cup (Women)"]
[Site "Hanoi"]
[Date "2021.??.??"]
[Round "2"]
[White "Vo, Thi Thuy Tien"]
[Black "Luong, Phuong Hanh"]
[Result "1-0"]
[WhiteElo "1808"]
[BlackElo "2229"]
[PlyCount "87"]
[EventDate "2021.05.03"]
[EventType "swiss"]
[EventRounds "9"]
[EventCountry "VIE"]
[SourceTitle "EXT 2022"]
[Source "ChessBase"]
[SourceDate "2021.10.06"]
[SourceVersion "1"]
[SourceVersionDate "2021.10.06"]
[SourceQuality "1"]

1. c4 Nf6 2. g3 c6 3. Bg2 d5 4. cxd5 cxd5 5. d4 g6 6. Nf3 Bg7 7. 0-0 0-0 8. Qb3 Nc6 9. Nc3 Re8 10. Rd1 Na5 11. Qb4 Bf8 12. Ne5 e6 13. Qb5 Nd7 14. Ng4 Nc4 15. e4 Nd6 16. Qb3 dxe4 17. Bf4 f5 18. Ne3 Nf7 19. Nb5 g5 20. Bc7 Qe7 21. Ba5 b6 22. Bc3 Nf6 23. d5 e5 24. d6 Qb7 25. Nc7 Bd7 26. Rac1 Kg7 27. Bb4 a5 28. Bc5 Reb8 29. Nxa8 bxc5 30. Qxb7 Rxb7 31. Rxc5 Bxd6 32. Rxa5 Bb4 33. Ra6 Bc5 34. Rxd7 Rxd7 35. Nxf5+ Kg6 36. Bxe4 Rd1+ 37. Kg2 Rd2 38. Nd4+ Kg7 39. Ne6+ Kg8 40. Nxc5 Nd6 41. Bd3 Nde8 42. Nc7 Nxc7 43. Rxf6 Rxb2 44. Bc4+ 1-0

[Event "VIE-ch (Women)"]
[Site "Hanoi"]
[Date "2020.10.10"]
[Round "8"]
[White "Vo, Thi Thuy Tien"]
[Black "Tran, Thi Nhu Y"]
[Result "1/2-1/2"]
[WhiteElo "1766"]
[BlackElo "1887"]
[PlyCount "75"]
[EventDate "2020.10.05"]
[EventType "swiss"]
[EventRounds "9"]
[EventCountry "VIE"]
[SourceTitle "EXT 2022"]
[Source "ChessBase"]
[SourceDate "2021.10.06"]
[SourceVersion "1"]
[SourceVersionDate "2021.10.06"]
[SourceQuality "1"]

1. d4 d5 2. Nf3 Nf6 3. c4 e6 4. Nc3 Be7 5. Bf4 c6 6. e3 Nbd7 7. Bd3 dxc4 8. Bxc4 b5 9. Bd3 a6 10. Rc1 c5 11. 0-0 Bb7 12. a3 0-0 13. Qe2 cxd4 14. exd4 Rc8 15. Rfe1 Qb6 16. Rcd1 Rfd8 17. d5 Nf8 18. Be3 Bc5 19. Bxc5 Qxc5 20. dxe6 Nxe6 21. Ne4 Nxe4 22. Bxe4 Nf4 23. Qc2 Qxc2 24. Rxd8+ Rxd8 25. Bxc2 Bxf3 26. gxf3 g6 27. Rd1 Re8 28. Bd3 Nxd3 29. Rxd3 Re2 30. b4 Ra2 31. Kg2 Kf8 32. Kg3 Ke7 33. h3 Ke6 34. f4 Kf5 35. Kf3 Ra1 36. Rc3 Rh1 37. Kg2 Ra1 38. Kf3 1/2-1/2

[Event "VIE-ch (Women)"]
[Site "Hanoi"]
[Date "2020.10.05"]
[Round "1"]
[White "Vo, Thi Thuy Tien"]
[Black "Dong, Khanh Linh"]
[Result "1/2-1/2"]
[WhiteElo "1766"]
[BlackElo "2019"]
[PlyCount "137"]
[EventDate "2020.10.05"]
[EventType "swiss"]
[EventRounds "9"]
[EventCountry "VIE"]
[SourceTitle "EXT 2022"]
[Source "ChessBase"]
[SourceDate "2021.10.06"]
[SourceVersion "1"]
[SourceVersionDate "2021.10.06"]
[SourceQuality "1"]

1. d4 Nf6 2. Nf3 g6 3. c4 d5 4. Nc3 Bg7 5. Qb3 dxc4 6. Qxc4 Nc6 7. e4 0-0 8. Be2 Bg4 9. Be3 a5 10. h3 Bxf3 11. Bxf3 Nb4 12. Qb3 e5 13. Rd1 exd4 14. Rxd4 Qe7 15. 0-0 Nd7 16. Rd2 Ne5 17. Be2 Rfd8 18. Rxd8+ Rxd8 19. a3 Nbc6 20. Nd5 Qe6 21. Qb5 Qc8 22. f4 Nd7 23. e5 Re8 24. Qc4 Nf8 25. Bf3 Ne6 26. Rc1 Qd8 27. Bf2 h5 28. b4 axb4 29. axb4 Ne7 30. Nxc7 Nxc7 31. Qxc7 Qd2 32. Rd1 Qxb4 33. Bc5 Qc4 34. Qb6 Nf5 35. Qb4 Qc2 36. Bf2 Bh6 37. Re1 Bf8 38. Qxb7 Bc5 39. Bxc5 Qxc5+ 40. Kh2 Qf2 41. Qe4 Qg3+ 42. Kg1 Nh4 43. Rf1 Nf5 44. Re1 Ng7 45. Rf1 Rd8 46. Be2 Nf5 47. Qf3 Qh4 48. Bc4 Rd4 49. Bd5 Ng3 50. Rb1 Rxf4 51. Qd3 Nf5 52. e6 Qf2+ 53. Kh2 fxe6 54. Bxe6+ Kh7 55. Qd7+ Kh6 56. Bxf5 Rxf5 57. Qd6 Rg5 58. Rg1 h4 59. Kh1 Rf5 60. Qd3 Re5 61. Qd1 Re2 62. Qc1+ Kh5 63. Qd1 Kg5 64. Qd5+ Kh6 65. Qd1 Qe3 66. Qd8 Qe4 67. Qf8+ Kg5 68. Qd8+ Kh5 69. Qh8+ 1/2-1/2

[Event "VIE-chT (Women)"]
[Site "Bac Giang"]
[Date "2020.06.11"]
[Round "9.13"]
[White "Nguyen, Hong Anh"]
[Black "Vo, Thi Thuy Tien"]
[Result "1-0"]
[WhiteElo "1436"]
[BlackElo "1766"]
[PlyCount "83"]
[EventDate "2020.06.06"]
[EventType "swiss"]
[EventRounds "9"]
[EventCountry "VIE"]
[SourceTitle "CBM 197 Extra"]
[Source "ChessBase"]
[SourceDate "2020.09.30"]
[SourceVersion "1"]
[SourceVersionDate "2020.09.30"]
[SourceQuality "1"]

1. d4 Nf6 2. c4 d6 3. Nf3 g6 4. g3 Bg7 5. Bg2 0-0 6. 0-0 c6 7. Nc3 Re8 8. e4 Bg4 9. h3 Bxf3 10. Bxf3 e5 11. Be3 Qe7 12. Qb3 Qc7 13. Rfe1 Nbd7 14. Rad1 Nf8 15. Bg2 Ne6 16. d5 cxd5 17. Nxd5 Nxd5 18. Rxd5 b6 19. Qb4 Bf8 20. b3 Qe7 21. Red1 Red8 22. Qd2 Rac8 23. Bf1 Nc7 24. Rd3 Ne6 25. Bg2 Kh8 26. Bf3 Rc7 27. Rd5 Rc6 28. Be2 Kg8 29. b4 Nc7 30. Rd3 Rxc4 31. Ra3 Rxe4 32. Rxa7 Rxe3 33. Qxe3 Nd5 34. Qa3 Nc7 35. Qc1 Rd7 36. Qc6 d5 37. Rc1 Qd6 38. Rxc7 Rxc7 39. Qxc7 Qxc7 40. Rxc7 Bxb4 41. Rd7 Bc5 42. Rxd5 1-0

[Event "VIE-chT (Women)"]
[Site "Bac Giang"]
[Date "2020.06.10"]
[Round "7.16"]
[White "Luong, Huyen Ngoc"]
[Black "Vo, Thi Thuy Tien"]
[Result "1/2-1/2"]
[WhiteElo "1982"]
[BlackElo "1766"]
[PlyCount "72"]
[EventDate "2020.06.06"]
[EventType "swiss"]
[EventRounds "9"]
[EventCountry "VIE"]
[SourceTitle "CBM 197 Extra"]
[Source "ChessBase"]
[SourceDate "2020.09.30"]
[SourceVersion "1"]
[SourceVersionDate "2020.09.30"]
[SourceQuality "1"]

1. e4 g6 2. d4 Bg7 3. Be3 d6 4. Bd3 c5 5. c3 cxd4 6. Bxd4 Nf6 7. Nf3 0-0 8. 0-0 Nc6 9. Be3 Bg4 10. Nbd2 Ne5 11. Be2 Bxf3 12. Bxf3 Qc7 13. Be2 d5 14. f4 Nc4 15. Nxc4 dxc4 16. e5 Rfd8 17. Qa4 Nd5 18. Bd4 Rdc8 19. g3 e6 20. Bf3 Rd8 21. Bg2 a6 22. g4 Bh6 23. Bxd5 Rxd5 24. Rf3 Bg7 25. Qc2 Rad8 26. Qf2 Qe7 27. g5 h5 28. gxh6 Bxh6 29. Kh1 Kh7 30. Rh3 Rh8 31. Rg1 Kg8 32. f5 exf5 33. Qxf5 Bg7 34. Qc8+ Rd8 35. Rxh8+ Kxh8 36. Qxc4 Bxe5 1/2-1/2

[Event "VIE-chT (Women)"]
[Site "Ho Chi Minh City"]
[Date "2019.10.02"]
[Round "9.20"]
[White "Vo, Thi Thuy Tien"]
[Black "Do, Dinh Hong Chinh"]
[Result "1-0"]
[WhiteElo "1766"]
[BlackElo "1826"]
[PlyCount "81"]
[EventDate "2019.09.26"]
[EventType "swiss"]
[EventRounds "9"]
[EventCountry "VIE"]
[SourceTitle "EXT 2020"]
[Source "ChessBase"]
[SourceDate "2019.10.17"]
[SourceVersion "1"]
[SourceVersionDate "2019.10.17"]
[SourceQuality "1"]

1. d4 Nf6 2. Nf3 d5 3. c4 g6 4. Nc3 Bg7 5. e3 0-0 6. Bd3 Be6 7. b3 c5 8. cxd5 Nxd5 9. Bb2 Nxc3 10. Bxc3 Nc6 11. Be2 cxd4 12. Nxd4 Nxd4 13. exd4 Qb6 14. Qd2 Rfd8 15. Rd1 Qc6 16. Bf3 Bd5 17. Bxd5 Qxd5 18. 0-0 Rd7 19. Qe2 Rad8 20. Rd2 Qc6 21. Bb2 e5 22. Rc2 Qe6 23. dxe5 Rd5 24. f4 Bf8 25. Kh1 Bb4 26. Bc1 Qd7 27. h3 Rd3 28. Kh2 Be7 29. Rf3 Rxf3 30. Qxf3 Bb4 31. a3 Ba5 32. b4 Bb6 33. Be3 Bxe3 34. Qxe3 b6 35. Rc3 Qf5 36. Rc6 Rd3 37. Qc1 Qe4 38. Rf6 Qb7 39. Rd6 Rb3 40. f5 Qe4 41. Rd8+ 1-0